| 000 | 00663nam a22002057a 4500 | ||
|---|---|---|---|
| 005 | 20131007122711.0 | ||
| 010 | _aENG-108570 | ||
| 020 |
_a9788123767888 _c120.00 |
||
| 020 |
_a8123767889 _c120.00 |
||
| 035 | _aEN-92103 | ||
| 037 | _bDBAD/PUB | ||
| 082 | _a510 | ||
| 100 | _aShetty, Balkrishna | ||
| 245 |
_aWhat is mathematics ? / _cby Balkrishna Shetty |
||
| 260 |
_aNew Delhi _bNational Book Trust _c2013 |
||
| 270 |
_aNehru Bhawan, 5 Institutional Area, Phase-II Vasant Kunj _bNew Delhi _e110070 |
||
| 300 |
_axxi, 329p. : _c23cm (pbk) _bill. |
||
| 500 | _aIncludes bibliographical references and index | ||
| 942 |
_2ddc _cEN _mSHE _h510 |
||
| 999 |
_c79656 _d79656 |
||